Drilling practice / (Record no. 546045)
[ view plain ]
| 000 -LEADER | |
|---|---|
| fixed length control field | 00430nam a22001337a 4500 |
| 082 ## - DEWEY DECIMAL CLASSIFICATION NUMBER | |
| Classification number | 621.952 |
| Author Mark | VIN |
| -- | L-24, P-33 |
| 100 1# - MAIN ENTRY--PERSONAL NAME | |
| Personal name | Vinnikov, I. |
| 9 (RLIN) | 42050 |
| 245 10 - TITLE STATEMENT | |
| Title | Drilling practice / |
| Statement of responsibility, etc. | I. Vinnikov, M. Frenkel ; translated from the Russian by V. Tokmakov. |
| 260 ## - PUBLICATION, DISTRIBUTION, ETC. | |
| Place of publication, distribution, etc. | Moscow : |
| Name of publisher, distributor, etc. | Peace Publishers, |
| Date of publication, distribution, etc. | [196 ] |
| 300 ## - PHYSICAL DESCRIPTION | |
| Extent | 218 p. : ill. ; 21 cm. |
| 526 ## - STUDY PROGRAM INFORMATION NOTE | |
| Program name | 0 |
| Interest level | 0 |
| Reading level | 0 |
| Title point value | 621_952000000000000_VIN |
| 650 ## - SUBJECT ADDED ENTRY--TOPICAL TERM | |
| Topical term or geographic name entry element | MCE |
| 9 (RLIN) | 379 |
| 942 ## - ADDED ENTRY ELEMENTS (KOHA) | |
| Source of classification or shelving scheme | |
| Koha item type | Book |
| Withdrawn status | Lost status | Source of classification or shelving scheme | Damaged status | Not for loan | Permanent Location | Current Location | Date acquired | Total Checkouts | Full call number | Barcode | Date last seen | Price effective from | Koha item type |
|---|---|---|---|---|---|---|---|---|---|---|---|---|---|
| Military College of Engineering (MCE) | Military College of Engineering (MCE) | 06/02/2014 | 621.952 VIN | MCE-3483 | 06/02/2014 | 06/02/2014 | Book |
